| Tag |
First Indicator |
Second Indicator |
Subfields |
| LEADER |
00000cam a2200000 i 4500 |
| 001 |
in00001498043 |
| 005 |
20151021073716.0 |
| 008 |
751202s1975 gw 000 1 ger |
| 010 |
|
|
|a 75519204
|
| 015 |
|
|
|a GFR75-A
|
| 020 |
|
|
|a 3455003516 :
|c DM34.00
|
| 035 |
|
|
|a (OCoLC)01960487
|
| 035 |
|
|
|9 AJH6459AM
|
| 040 |
|
|
|a DLC
|c DLC
|d OCL
|d TXA
|d UtOrBLW
|
| 049 |
|
|
|a TXAM
|
| 050 |
0 |
0 |
|a PT2662.I38
|b M28
|
| 092 |
|
|
|a 833.9
|b B587ma
|
| 100 |
1 |
|
|a Bieler, Manfred,
|d 1934-2002.
|
| 245 |
1 |
4 |
|a Der Mädchenkrieg :
|b Roman /
|c Manfred Bieler.
|
| 250 |
|
|
|a 1.-50. Tsd.
|
| 264 |
|
1 |
|a Hamburg :
|b Hoffmann und Campe,
|c 1975.
|
| 300 |
|
|
|a 567 pages ;
|c 22 cm.
|
| 336 |
|
|
|a text
|b txt
|2 rdacontent
|
| 337 |
|
|
|a unmediated
|b n
|2 rdamedia
|
| 338 |
|
|
|a volume
|b nc
|2 rdacarrier
|
| 536 |
|
|
|a A gift from the Library of Herbert A. Roeller December, 1998.
|
| 948 |
|
|
|a c:jh
|
| 999 |
|
|
|a MARS
|
| 999 |
f |
f |
|s cba9dbf2-a671-3777-9174-00d36a3a7796
|i 5b922a8c-5ac3-3529-ab75-9d623334ae91
|t 0
|
| 952 |
f |
f |
|p ric
|a Texas A&M University
|b Rellis Campus
|c Joint Library Facility
|d Remote Storage
|t 0
|e PT2662.I38 M28
|h Library of Congress classification
|i unmediated -- volume
|m A14824992747
|
| 998 |
f |
f |
|a PT2662.I38 M28
|t 0
|l Remote Storage
|